EL COLEGIO DE MEXICO : (Registro nro. 57925)
[ vista simple ]
| 000 -LEADER | |
|---|---|
| fixed length control field | 00858nam a2200205 a 4500 |
| 001 - CONTROL NUMBER | |
| control field | 57925 |
| 005 - DATE AND TIME OF LATEST TRANSACTION | |
| control field | 20180714054324.0 |
| 008 - FIXED-LENGTH DATA ELEMENTS--GENERAL INFORMATION | |
| fixed length control field | 140415s1990 mx 000 0 spa d |
| 020 ## - INTERNATIONAL STANDARD BOOK NUMBER | |
| International Standard Book Number | 9681204557 |
| 041 ## - LANGUAGE CODE | |
| Language code of text/sound track or separate title | spa |
| 082 ## - DEWEY DECIMAL CLASSIFICATION NUMBER | |
| Classification number | 378.72 |
| Item number | LID |
| 100 1# - MAIN ENTRY--PERSONAL NAME | |
| Personal name | LIDA, CLARA E. |
| 245 13 - TITLE STATEMENT | |
| Title | EL COLEGIO DE MEXICO : |
| Remainder of title | UNA HAZAÑA CULTURAL |
| 250 ## - EDITION STATEMENT | |
| Edition statement | 1a ed. |
| 260 ## - PUBLICATION, DISTRIBUTION, ETC. | |
| Place of publication, distribution, etc. | MEXICO : |
| Name of publisher, distributor, etc. | EL COLEGIO DE MEXICO, |
| Date of publication, distribution, etc. | 1990 |
| 300 ## - PHYSICAL DESCRIPTION | |
| Extent | 290 |
| Dimensions | 11 x 1.8 x 16.5 |
| 520 ## - SUMMARY, ETC. | |
| Summary, etc. | EL COLEGIO DE MEXICO ES EL CENTRO DE ESTUDIOS AVANZADOS EN HUMANIDADES Y CIENCIAS SOCIALES MAS PRESTIGIOSO EN SU GENERO. ESTE LIBRO DOCUMENTADO Y AMENO NARRA LAS PERIPECIAS Y LOGROS DE LA INSTITUCION EN LOS PRIMEROS VEINTE AÑOS DE VIDA, DURANTE LAS PRESIDENCIAS DE SUS DOS GRANDES FUNDADORES. |
| 650 14 - SUBJECT ADDED ENTRY--TOPICAL TERM | |
| Topical term or geographic name entry element | CULTURA |
| General subdivision | CULTURA |
| -- | HISTORIA |
| 700 1# - ADDED ENTRY--PERSONAL NAME | |
| Personal name | MATESANZ, JOSÉ ANTONIO |
| Relator term | coaut. |
| Withdrawn status | Lost status | Source of classification or shelving scheme | Damaged status | Not for loan | Collection code | Home library | Current library | Shelving location | Date acquired | Source of acquisition | Inventory number | Total Checkouts | Full call number | Barcode | Date last seen | Price effective from | Koha item type |
|---|---|---|---|---|---|---|---|---|---|---|---|---|---|---|---|---|---|
| Dewey Decimal Classification | General | Biblioteca Karol Wojtyla | Biblioteca Karol Wojtyla | Sala general | 03/12/2013 | Compra | 151000000000000000045055 | 378.72 LID | 87419 | 05/01/2026 | 03/12/2013 | Libro |